| 000 | 00379nam a2200133Ia 4500 | ||
|---|---|---|---|
| 005 | 20260326100038.0 | ||
| 008 | 260326s9999||||xx |||||||||||||| ||und|| | ||
| 100 | _aMurcutt, Glenn; Beck, Haig | ||
| 245 | 0 |
_aGlenn Murcutt : _b A singular Architectural Practice / _cGlenn; Beck, Haig Murcutt |
|
| 260 | _bImages Publishing | ||
| 300 | _a255 p. | ||
| 650 | _aARQUITECTOS | ||
| 942 | _cBK | ||
| 999 |
_c6912 _d6912 |
||